Lucy Dacus - Limerence (Lyrics) - Statistics

General Stats
  • This quiz has been taken 16 times
  • The average score is 135 of 169
Answer Stats
Answer % Correct
I
100%
is
100%
Is
100%
is,
100%
It
100%
it
100%
a
89%
at
89%
be
89%
cause
89%
concern
89%
do
89%
for
89%
game ?
89%
go
89%
good
89%
GTA,
89%
have
89%
he
89%
playing
89%
should
89%
so
89%
So
89%
this
89%
to
89%
too
89%
we
89%
what
89%
when
89%
while
89%
you
89%
about
78%
alive
78%
And
78%
and
78%
as
78%
bad
78%
behaving
78%
breaking
78%
But
78%
day
78%
don't
78%
eat
78%
feel
78%
feels
78%
heart
78%
how
78%
if
78%
If
78%
I'll
78%
I'm
78%
just
78%
know
78%
life
78%
limerence
78%
loud
78%
lying
78%
me
78%
might
78%
mine
78%
my
78%
of
78%
on
78%
out
78%
popcorn
78%
say
78%
some
78%
soon
78%
stay
78%
stillness,
78%
stillness
78%
telling
78%
that
78%
the
78%
there
78%
things
78%
thinking
78%
truth ?
78%
wanna
78%
want
78%
why
78%
Why
78%
worst ?
78%
your
78%
acquaintance
67%
arm
67%
beautiful
67%
betraying
67%
between
67%
blunt,
67%
bring
67%
busy
67%
dancing
67%
difference
67%
explaining
67%
forget
67%
friendly
67%
from
67%
high
67%
hits
67%
into
67%
kite
67%
line
67%
living
67%
maybe
67%
mouth
67%
Natalie's
67%
Our
67%
parties,
67%
pick
67%
planned
67%
'round
67%
shoveling
67%
swear
67%
taking
67%
Toeing
67%
trust
67%
waist
67%
Roddy's
33%
No matching quizzes found
Score Distribution
Percent of People with Each Score
Percentile by Number Answered
Your Score History
You have not taken this quiz